City to Country (Europe) - Statistics

General Stats
  • This quiz has been taken 24 times
  • The average score is 47 of 50
Answer Stats
City Country % Correct
2) Brno Czech Republic
100%
44) Pilsen Czech Republic
100%
11) Yekaterinburg Russia
100%
4) Yalta Ukraine
100%
29) Uzhhorod Ukraine
100%
1) West Midlands United Kingdom
100%
31) Innsbruck Austria
96%
23) Ghent Belgium
96%
22) Mostar Bosnia and Herzegovina
96%
20) Zadar Croatia
96%
28) Aarhus Denmark
96%
25) Paide Estonia
96%
5) Oulu Finland
96%
12) Alsace France
96%
42) Antibes France
96%
27) Aachen Germany
96%
45) Essen Germany
96%
10) Zakynthos Greece
96%
8) Limerick Ireland
96%
41) Letterkenny Ireland
96%
6) Turin Italy
96%
39) Cesis Latvia
96%
38) Vianden Luxembourg
96%
48) Soroca Moldova
96%
16) Hulst Netherlands
96%
46) Utrecht Netherlands
96%
14) Stavanger Norway
96%
9) Katowice Poland
96%
30) Rzeszow Poland
96%
34) Evora Portugal
96%
3) Cluj-Napoca Romania
96%
17) Poprad Slovakia
96%
47) Vigo Spain
96%
26) Uppsala Sweden
96%
7) Zermatt Switzerland
96%
37) La Massana Andorra
91%
36) Paphos Cyprus
91%
49) Szeged Hungary
91%
15) Vik Iceland
91%
50) Akranes Iceland
91%
21) Peja Kosovo
91%
24) Schaan Liechtenstein
91%
43) Utena Lithuania
91%
35) St Pauls Bay Malta
91%
19) Kotor Montenegro
91%
33) Korce Albania
87%
13) Brest Belarus
87%
18) Varna Bulgaria
87%
40) Vrsac Serbia
87%
32) Ptuj Slovenia
87%
No matching quizzes found
Score Distribution
Percent of People with Each Score
Percentile by Number Answered
Your Score History
You have not taken this quiz